00633nam a2200193 i 450000100060000000300090000600500170001500700030003200800410003510000200007624500880009625000120018426000310019630000210022750000690024860000470031771000430036485200320040765236ES-MaACL20250511122600.0t|040109s1962 sp ||||1| spa d1 aFreden, Gustaf.13aLa cena del amor b: (estudios sobre Calderón de la Barca) / cpor Gustaf Freden. a2ª ed. aMadrid : bInsula, c1962. a60 p. ; c22 cm. aPrecede al tít.: Instituto Ibero-Americano Gotemburgo Sucecia.14aCalderón de la Barca, Pedro, d1600-168100aInstituto Ibero-Americano (Göteborg) aES-MaACLjC-22708 bR.51342